Представление документа в формате RUSMARC

ПолеНазваниеЗначение
  Тип записи a
  Библиографический уровень m
001 Контрольный номер RU/REG73/CBS_GRAD/245088d6a1c34deebce26f110e7a2b5e
005 Дата корректировки 20230731084139.0
010 Индекс ISBN __
a ISBN 978-5-04-165408-5
100 Данные общей обработки __
a Данные общей обработки 20230731d 0rusy0189## ca
101 Язык документа 0_
a Язык текста rus
102 Страна публикации __
a Страна публикации RU
200 Заглавие и сведения об ответственности 1_
a Заглавие Роковой подарок
e Сведения, относящиеся к заглавию роман
f Первые сведения об ответственности Устинова Татьяна Витальевна
210 Выходные данные 1_
a Место издания Москва
c Издательство Эксмо
d Дата издания 2022
215 Физическое описание __
a Объем 320 с.
686 Индексы других классификаций __
a Классификационный индекс 84 (2 Рос=Рус)6
700 Автор _1
a Фамилия Устинова
g Полное личное имя Татьяна Витальевна
801 Источник записи _0
a Страна RU
b Организация RuCBSGrad
c Дата составления 20230731
g Правила каталогизации RCR
801 Источник записи _1
a Страна RU
b Организация RuCBSGrad
c Дата составления 20230731
g Правила каталогизации RCR
852 Данные о местонахождении __
i Авторский знак У 80
901 Тип документа __
t Тип документа m